General Knowledge #31 - Statistics

General Stats
  • This quiz has been taken 346 times
    283 since last reset
  • The average score is 12 of 30
Answer Stats
Hint Answer % Correct
Lapis lazuli is a deep shade of what color? Blue
87%
In what year did the Berlin Wall fall? 1989
78%
Who created Facebook? Mark Zuckerberg
78%
What do you call the traditional Japanese art of folding paper? Origami
73%
What is a baby kangaroo called? Joey
72%
Who wrote the story " A Christmas Carol"? Charles Dickens
71%
What is the chemical symbol for lead? Pb
70%
Whose nose grows every time he tells a lie? Pinocchio
69%
Who painted the "Last Supper"? Leonardo da Vinci
61%
What is the largest island in the Mediterranean Sea? Sicily
57%
Dong is the main unit of currency in what country? Vietnam
54%
Full stop to English people, what is it to Americans? Period
50%
How many countries are there in the world? 196
49%
In what city can you find the Petronas Towers? Kuala Lumpur
48%
The second highest mountain in the world is? Mount K2
47%
What kind of animal is a Blue Heeler? Dog
35%
What do you call a tailess cat? Manx
35%
What type of creature is a painted lady? Butterfly
26%
Which Filipino boxer is known for his nickname "Pac-Man"? Manny Pacquiao
26%
What cartoon character made his first appearance in 1919 in the five minute short "Feline Follies"? Felix the Cat
25%
What is the capital city of Fiji? Suva
23%
What is the study or collection of postage stamps called? Philately
16%
Hallux is another term for what part of the body? Big Toe
11%
Who founded Singapore? Sir Thomas Stanford Raffles
8%
What "C" is the dried flesh of coconut? Copra
6%
What do you call a group of frogs? Army
2%
Which city in the Philippines is known as the "Walled City"? Intramuros
1%
It is a way of covering the plane with shapes, leaving no gaps and in a repetitive pattern. Tessellation
1%
What is the name of the green bird in the Angry Birds? Boomerang Bird
0%
When was the release date of the Angry Birds? December 11, 2009
0%
No matching quizzes found
Score Distribution
Percent of People with Each Score
Percentile by Number Answered
Your Score History
You have not taken this quiz since the last reset